000 00315nam a22001337a 4500
008 170204b xxu||||| |||| 00| 0 eng d
020 _a9780812114409
041 _aeng
080 _22ND
_a61
100 _a3
101 _aSHM
245 _aEXERCISE TESTING AND EXERCISE PRESCRIPTION
_cSKINNER, J.S
942 _2udc
_cBK
999 _c4592
_d4592